| 000 | 00569nam a2200217 i 4500 | ||
|---|---|---|---|
| 001 | bgj | ||
| 100 | 1 |
_aHILTON, James _d(1900-1954). |
|
| 245 | 1 | 0 |
_aLost horizon / _cJames Hilton. |
| 260 |
_aNew York : _bWilliam Morrow and Co., _c1975. |
||
| 300 |
_aVIII, 211 pp ; _c21 cm. |
||
| 650 | 9 |
_aSurvival after accidents _xFiction |
|
| 650 | 9 | _aUtopias | |
| 650 | 9 | _aUtopian fiction | |
| 650 | 9 | _aFantasy fiction | |
| 651 | 9 |
_aHimalaya _xMountains |
|
| 655 | _aFiction | ||
| 040 | _cBPK | ||
| 041 | 0 | _aeng | |
| 942 | _cKS | ||
| 008 | s uk f |000 0 eng | ||
| 999 |
_c48658 _d48658 |
||
| 856 |
_uhttp://koha.tu.koszalin.pl/cgi-bin/koha/opac-detail.pl?biblionumber=48658 _yKatalog online BPK |
||